<?xml version="1.0" encoding="UTF-8"?>
<record
    xmlns:xsi="http://www.w3.org/2001/XMLSchema-instance"
    xsi:schemaLocation="http://www.loc.gov/MARC21/slim http://www.loc.gov/standards/marcxml/schema/MARC21slim.xsd"
    xmlns="http://www.loc.gov/MARC21/slim">

  <leader>01412nam a22002775i 4500</leader>
  <controlfield tag="001">10733</controlfield>
  <controlfield tag="003">ES-MaACL</controlfield>
  <controlfield tag="005">20250909230633.0</controlfield>
  <controlfield tag="008">940308s1993    sp           ||||0| spa</controlfield>
  <datafield tag="020" ind1=" " ind2=" ">
    <subfield code="a">84-7658-414-8</subfield>
  </datafield>
  <datafield tag="080" ind1=" " ind2=" ">
    <subfield code="a">860 Jardiel Poncela, Enrique 1.06(063)</subfield>
  </datafield>
  <datafield tag="111" ind1="2" ind2=" ">
    <subfield code="a">Congreso de Literatura Espa&#xF1;ola Contempor&#xE1;nea (</subfield>
    <subfield code="n">6&#xBA;. </subfield>
    <subfield code="d">1992. </subfield>
    <subfield code="c">M&#xE1;laga)</subfield>
    <subfield code="9">328</subfield>
  </datafield>
  <datafield tag="245" ind1="1" ind2="0">
    <subfield code="a">Jardiel Poncela </subfield>
    <subfield code="b">: teatro, vanguardia y humor : actas del VI Congreso de Literatura Espa&#xF1;ola Contempor&#xE1;nea : Universidad de M&#xE1;laga, 10, 11, 12 y 13 de noviembre de 1992 / </subfield>
    <subfield code="c">edici&#xF3;n dirigida por Crist&#xF3;bal Cuevas Garc&#xED;a y coordinada por Enrique Baena : organizaci&#xF3;n del congreso, Antonio Garrido ... [et al.].</subfield>
  </datafield>
  <datafield tag="250" ind1=" " ind2=" ">
    <subfield code="a">1&#xAA; ed.</subfield>
  </datafield>
  <datafield tag="260" ind1=" " ind2=" ">
    <subfield code="a">Barcelona : </subfield>
    <subfield code="b">Anthropos ; </subfield>
    <subfield code="a">M&#xE1;laga : </subfield>
    <subfield code="b">Servicio de Publicaciones e Intercambio Cient&#xED;fico de la Universidad, </subfield>
    <subfield code="c">1993.</subfield>
  </datafield>
  <datafield tag="300" ind1=" " ind2=" ">
    <subfield code="a">302 p ; </subfield>
    <subfield code="c">20 cm.</subfield>
  </datafield>
  <datafield tag="490" ind1="1" ind2=" ">
    <subfield code="a">Autores, textos y temas. Literatura y teor&#xED;a literaria ; </subfield>
    <subfield code="v">19</subfield>
  </datafield>
  <datafield tag="600" ind1="1" ind2="4">
    <subfield code="a">Jardiel Poncela, Enrique, </subfield>
    <subfield code="d">1901-1952- </subfield>
    <subfield code="v">Congresos y asambleas</subfield>
    <subfield code="9">172405</subfield>
  </datafield>
  <datafield tag="700" ind1="0" ind2=" ">
    <subfield code="a">Cuevas Garc&#xED;a, Crist&#xF3;bal, </subfield>
    <subfield code="d">1933-2013</subfield>
    <subfield code="9">42107</subfield>
  </datafield>
  <datafield tag="700" ind1="1" ind2=" ">
    <subfield code="a">Baena, Enrique.</subfield>
    <subfield code="9">24583</subfield>
  </datafield>
  <datafield tag="700" ind1="1" ind2=" ">
    <subfield code="a">Garrido Dom&#xED;nguez, Antonio.</subfield>
    <subfield code="9">55696</subfield>
  </datafield>
  <datafield tag="710" ind1="2" ind2=" ">
    <subfield code="a">Universidad de M&#xE1;laga.</subfield>
    <subfield code="9">7219</subfield>
  </datafield>
  <datafield tag="830" ind1="1" ind2=" ">
    <subfield code="a">Autores, textos y temas. Literatura y teor&#xED;a literaria ; </subfield>
    <subfield code="v">19</subfield>
    <subfield code="9">228135</subfield>
  </datafield>
  <datafield tag="852" ind1=" " ind2=" ">
    <subfield code="a">ES-MaACL</subfield>
    <subfield code="j">L-18086</subfield>
  </datafield>
  <datafield tag="999" ind1=" " ind2=" ">
    <subfield code="c">10733</subfield>
    <subfield code="d">10733</subfield>
  </datafield>
  <datafield tag="952" ind1=" " ind2=" ">
    <subfield code="0">0</subfield>
    <subfield code="1">0</subfield>
    <subfield code="4">0</subfield>
    <subfield code="7">0</subfield>
    <subfield code="a">ATENEOM</subfield>
    <subfield code="b">ATENEOM</subfield>
    <subfield code="c">DEPO2</subfield>
    <subfield code="d">2008-01-17</subfield>
    <subfield code="e">SC</subfield>
    <subfield code="l">0</subfield>
    <subfield code="o">L-18086</subfield>
    <subfield code="p">1010948</subfield>
    <subfield code="r">2023-02-23 00:00:00</subfield>
    <subfield code="w">2023-02-23</subfield>
    <subfield code="y">MONOGRAFIA</subfield>
  </datafield>
</record>
